María Verger : artículos y juicios críticos sobre su obra literaria / Selección hecha por M. Ballester y Conde artículos y juicios críticos sobre su obra literaria / Selección hecha por M. Ballester y Conde

Publicado: Barcelona : NAGSA , 1944
Descripción Física: 24 p. ; 21 cm
Materias: Verger, María

MARC

LEADER 00000nam a2200000Ia 4500
001 19510
008 160829s1944 xx 000 0 cat d
080 |a FU-7-23 
245 |a María Verger :  |b  artículos y juicios críticos sobre su obra literaria / Selección hecha por M. Ballester y Conde 
260 |a Barcelona :  |b NAGSA,  |c 1944 
300 |a 24 p. ;  |c 21 cm 
590 |a Inlou una dedicatòria amb la signatura de María Verger 
650 |a Verger, María  |9 27871 
700 |a Ballester y Conde, M.  |9 27872 
856 4 |u https://media.diba.cat/diba/fitxers/arxiu/fulletons/bib_19510_baixa.pdf  |y Accés lliure 
856 4 |u https://media.diba.cat/diba/fitxers/arxiu/fulletons/bib_19510_baixa.pdf  |y Accés lliure 
901 |a Arxiu 
942 |n 1  |2 udc 
952 |0 0  |1 0  |4 0  |6 FU723  |7 1  |9 44577  |a Arxiu  |b Arxiu  |d 2016-12-01  |l 0  |o FU-7-23  |p 19510  |r 2016-12-01 00:00:00  |w 2016-12-01  |y ARXIU 
999 |c 47158  |d 47158 
900 |a bib_19510_baixa.pdf